Регионална библиотека "Любен Каравелов" - Русе

Правда о Македонии (Запис номер 432142)

MARC детайли
000 -Лидер
Контролно поле с фиксирана дължина nam a22 a 4500
003 - Код на организацията, давaща контролен номер
Контролно поле BLK
005 - Дата и час на последна редакция
Контролно поле 20210916165216.0
008 - Елементи от данни с фиксирана дължина
fixed length control field 210915b bu |||||r|||| 00| | bu d
040 ## - Източник на каталожния запис
Идентификатор на билиотеката - собственик на записа BLK
041 ## - Код за език
Код за езика на текст/звукозапис или на отделно заглавие Руски
Код за езика КДБФ Руски
080 ## - УДК
Текстов определител УДК История на Македония
УДК код - определител по УДК 94(947.7)
УДК - код + определител 94(947.7)
139 ## - Редно поле
Редна дума Правда о Македонии
245 ## - Сведения за заглавието
Заглавие Правда о Македонии
Подзаглавни данни Сб. ст., писем и документов, опубл. в рус. печати и впервые печатаемых
257 ## - Страна на издаване
Страна на създаване/издаване Русия
260 ## - Област на издателските данни
9 (RLIN) 464520
Място на издаване, разпространение и проч. Одесса
Име на издателя, разпространителя и проч. Болг. о-во Братство
Година на издаване 1915
300 ## - Физическа характеристика
Страници 86 с.
Размери/Мащаб 23 см
380 ## - Жанр
Жанр История
650 #0 - Допълнително описание по предмет – тема
9 (RLIN) 287987
Основно описание – тема или топоним Македония - история
651 #0 - Допълнително описание по предмет - топоним
9 (RLIN) 243713
Географско понятие Македония
852 ## - Местоположение
Форматна сигнатура Цб 9.230.30524
Фондова буква Основен фонд - ползва се само за читалня
999 ## - СИСТЕМНИ КОНТРОЛНИ НОМЕРА
Koha biblionumber 432142
Koha biblioitemnumber 432142
942 ## - АРТИКУЛИ
Вид на библиотечния материал Книги
Скрит в OPAC Не
Периодичен библиозапис Да
944 ## - СЪЗДАВАНЕ И РЕДАКЦИЯ на ЗАПИСА
Създаване/Редакция Създаване
Дата на регистрацията/редакция 2021-09-15
Служител, извършил регистрацията/редакцията нр
Наличности
Код за отписване Код за изгубен артикул Източник на класификационната схема Код за повреда Коз за рестрикции Код за отдаване Артикулен № Име на библиотеката - собственик Име на библиотеката, в която се намира в момента Статус (Текущо местоположение) Дата на вписване в системата Местоположение - отдел Цена в лева Инвентарен номер Систематично азбучна сигнатура Баркод Цена в евро Служебен тип на артикула
  Не е изгубен Universal Decimal Classification Не е повреден само за читалня ползва се в читалня 852916 Регионална библиотека "Любен Каравелов" Русе Регионална библиотека "Любен Каравелов" Русе Хранилище 2021-09-17 Основен фонд - ползва се само за читалня 0.17 9185/58 Цб 9.230.30524 900000078597 0.09 Книги
Vip Innovations Ltd, Rousse, Bulgaria 2025